REPNÁ KOREŇOVÁ VOŠKA, PEMPHIGUS FUSCICORNIS (KOCH) (STERNORRHYNCHA: APHIDIDAE) - PREHLIADANÝ ŠKODCA A JEHO VPLYV NA CUKROVÚ REPU

Bibliographic Details
Main Authors: Tancik, Ján, 1959- (Author), Tóth, Peter, 1972- (Author)
Format: Article
Language:Slovak
ISBN:8080692807

MARC

LEADER 00000naa a2200000uu 4500
001 vtls011085376
003 SK-MaSNL
005 20260302144651.0
008 210905|2003 xo |||||||||||||||||slo|
015 |a SNBRA 
035 |a (urnnbn)urn:nbn:sk:snk:ar-a0clyo 
035 |a (uuid)f89131b0-0943-49fd-aca5-89922fc33d02 
035 |a urn:nbn:sk:snk-aavruh 
040 |a SNKBUCL  |b slo  |c SNKBUCL  |e AACR2 
041 0 |a slo 
044 |a xo  |c SK 
100 1 |a Tancik, Ján,  |d 1959-  |4 aut  |9 242384 
245 1 0 |a REPNÁ KOREŇOVÁ VOŠKA, PEMPHIGUS FUSCICORNIS (KOCH) (STERNORRHYNCHA: APHIDIDAE) - PREHLIADANÝ ŠKODCA A JEHO VPLYV NA CUKROVÚ REPU  |c Ján Tancik, Peter Tóth 
246 3 |a SUGAR BEET ROOT APHID, PEMPHIGUS FUSCICORNIS (KOCH) (STERNORRHYNCHA: APHIDIDAE) - AN OVERLOOKED PEST AND ITS EFFECT ON SUGAR BEET 
700 1 |a Tóth, Peter,  |d 1972-  |4 aut  |4 aut  |9 75912 
773 0 |t V. celoslovenská vedecká repárska konferencia  |d V Nitre : Slovenská poľnohospodárska univerzita, 2003  |g S. 227-231  |z 8080692807 
958 |a OND 
958 |a article12 
958 |a chapter 
999 |c 1350382  |d 1352312